Warna-warna pengalaman seorang guru
| Main Author: | |
|---|---|
| Format: | Book |
| Published: |
Kuala Lumpur :
Utusan Publications & Distrubutors Sdn.Bhd. ,
1993
|
| Subjects: |
MARC
| LEADER | 00000cam a2200000 7i4500 | ||
|---|---|---|---|
| 001 | 0000003164 | ||
| 002 | 000003420 | ||
| 005 | 20000330.0 | ||
| 020 | |a 9676103896 | ||
| 090 | 0 | 0 | |a 371.10092 |b AWA |
| 100 | 0 | |a Awang Had Salleh |f Tan Sri Dato | |
| 245 | 1 | 0 | |a Warna-warna pengalaman seorang guru |c Tan Sri Dato Awang Had Salleh |
| 260 | |a Kuala Lumpur : |b Utusan Publications & Distrubutors Sdn.Bhd. , |c 1993 | ||
| 300 | |a 255p. ; |c 21cm. | ||
| 650 | 0 | 0 | |a Awang Had Salleh,Tan Sri Dato |
| 999 | |a 036756 |b BUKU |c PINJAMAN |e PERPUSTAKAAN KOMUNITI PETALING JAYA | ||